Juan Santamaría Int. Airport Destinations (San Jose, Costa Rica) - Statistics

General Stats
  • This quiz has been taken 83 times
    25 since last reset
  • The average score is 42 of 58
Answer Stats
Airline Destination % Correct
KLM Amsterdam
100%
Delta Air Lines/Frontier Airlines Atlanta
100%
Avianca/Avianca Costa Rica Bogotá
100%
Avianca Costa Rica/Volaris/Volaris Costa Rica Cancún
100%
American Airlines/Avianca Costa Rica/United Airlines Chicago (O'Hare)
100%
American Airlines Dallas/Fort Worth
100%
Lufthansa Frankfurt
100%
LATAM Perú Lima
100%
British Airways London (Gatwick)
100%
Alaska Airlines/Delta Air Lines/United Airlines Los Angeles
100%
Aeroméxico/Avianca Costa Rica/Volaris Costa Rica Mexico City
100%
Avianca Costa Rica/JetBlue New York (JFK)
100%
Air France Paris (Charles de Gaulle)
100%
Air Canada/Air Transat Toronto (Pearson)
100%
Edelweiss Air Zürich
100%
American Airlines Charlotte
95%
Southwest Airlines/United Airlines Denver
95%
Southwest Airlines Houston (Hobby)
95%
United Airlines Houston (Intercontinental)
95%
American Airlines/Avianca Costa Rica/Volaris Costa Rica/Volaris El Salvador Miami
95%
Air Canada/Air Transat Montréal (Trudeau)
95%
United Airlines Newark
95%
Frontier Airlines/JetBlue/Southwest Airlines/Spirit Airlines/Volaris Costa Rica Orlando
95%
Wingo Panama City (Balboa)
95%
Avianca Costa Rica/Copa Airlines Panama City (Tocumen)
95%
Viva Monterrey
90%
United Airlines San Francisco
90%
Avianca Costa Rica/United Airlines/Volaris Costa Rica Washington (Dulles)
90%
Southwest Airlines Baltimore
86%
Volaris Costa Rica Guadalajara
86%
Avianca Costa Rica/Copa Airlines/Volaris Costa Rica Guatemala City
86%
Avianca Costa Rica/Wingo Medellín (JMC)
86%
Avianca Costa Rica/Avianca El Salvador/Volaris Costa Rica/Volaris El Salvador San Salvador
86%
Iberia/Iberojet Madrid
81%
Avianca Costa Rica Quito
81%
Avianca Costa Rica Guayaquil
76%
Arajet Santo Domingo (Las Américas)
76%
Sansa Airlines Liberia (CR)
71%
Copa Airlines/Sansa Airlines Managua
71%
Volaris Costa Rica Tegucigalpa/Comayagua
71%
Avianca Costa Rica Buenos Aires (Ezeiza)
67%
Avianca Costa Rica Cartagena
67%
JetBlue/Spirit Airlines Fort Lauderdale
67%
Avianca Costa Rica San Pedro Sula
67%
Avianca Costa Rica San Juan
57%
Southwest Airlines Nashville
52%
Sansa Airlines Limón
43%
Sansa Airlines Bocas del Toro
14%
Sansa Airlines Golfito
14%
Costa Rica Green Airways/Sansa Airlines Quepos
10%
Sansa Airlines Tamarindo
10%
Sansa Airlines Tortuguero
10%
Sansa Airlines Drake Bay
5%
Sansa Airlines La Fortuna/San Carlos
5%
Sansa Airlines Nosara Beach
5%
Sansa Airlines Puerto Jiménez
5%
Sansa Airlines Palmar Sur
0%
Costa Rica Green Airways/Sansa Airlines Tambor
0%
No matching quizzes found
Score Distribution
Percent of People with Each Score
Percentile by Number Answered
Your Score History
You have not taken this quiz since the last reset